Представление документа в формате RUSMARC

ПолеНазваниеЗначение
  Тип записи a
  Библиографический уровень a
001 Контрольный номер 1e19c7abdd254c91a6bb0817924b27b8
005 Дата корректировки 20250219150830.0
100 Данные общей обработки __
a Данные общей обработки 20250219 ||| 0rusy0189 ca
101 Язык документа 0_
a Язык текста rus
102 Страна публикации __
a Страна публикации RU
200 Заглавие и сведения об ответственности 1_
a Заглавие Барсик
e Сведения, относящиеся к заглавию рассказ
f Первые сведения об ответственности М. Дружинина
461 Уровень набора _0
1 2000
a Мурзилка
463 Уровень физической единицы _0
1 2000
b Текст
a № 2
v С. 16-17 : ил.
1 2101
d 2025
1 001d8943e74a4ba4e269787a08d871577b8
606 Тематические рубрики 0_
a Основная рубрика Дружинина, Марина Владимировна (1953) - Рассказы
z Хронологическая подрубрика 20 в.
610 Ключевые слова 0_
a Ключевые слова русская литература, советская литература, детские рассказы, рассказы о детях, рассказы, рассказы о кошках, кошки (х. л.), коты (х. л.), рассказы Дружининой
686 Индексы других классификаций __
a Классификационный индекс Р2
700 Автор _1
a Фамилия Дружинина
b Имя (инициалы) М.
g Полное личное имя Марина
801 Источник записи _0
a Страна RU
b Организация УОБДЮ
c Дата составления 20250219
g Правила каталогизации RCR
801 Источник записи _1
a Страна RU
b Организация УОБДЮ
c Дата составления 20250219
g Правила каталогизации RCR
901 Тип документа __
t Тип документа b
w Контрольный № источника d8943e74a4ba4e269787a08d871577b8
905 Данные по созданию БЗ __
b Логин пользователя, который создал БЗ ibo10